Bayern Munich : 11 du XXIème siècle - Statistiques

Statistiques générales
  • Ce quiz a été pris 733 fois
    585 depuis la dernière actualisation
  • Le résultat moyen est 12 sur 16
Statistiques - réponses
Poste Nationalité Années au club Joueurs % Correct
Gardien Allemand 2011- Manuel Neuer
99%
Buteur Polonais 2013-2022 Robert Lewandowski
96%
Défenseur Gauche Autrichien 2010-2021 David Alaba
95%
Ailier Droit Néérlandais 2009-2019 Arjen Robben
94%
Ailier Gauche Français 2007-2019 Franck Ribéry
94%
Milieu Offensif Allemand 2008-2025 Thomas Muller
94%
Défenseur Droit Allemand 2015- Joshua Kimmich
88%
Défenseur Central Allemand 2011-2021 Jérôme Boateng
79%
Milieu Central Allemand 2002-2017 Philipp Lahm
79%
Remplaçant (Gardien) Allemand 1994-2008 Oliver Kahn
72%
Entraîneur Allemand 2019-2021 Hansi Flick
68%
Remplaçant (Défenseur) Français 1997-2004 Bixente Lizarazu
64%
Milieu Central Allemand 2002-2015 Bastian Schweinsteiger
63%
Remplaçant (Attaquant) Péruvien 2001-2007/2012-2015 Claudio Pizarro
34%
Défenseur Central Argentin 2003-2011 Martin Demichelis
28%
Remplaçant (Milieu) Allemand 1992-2007 Mehmet Scholl
6%
Aucun quiz correspondant
Distribution des résultats
% des personnes avec chaque résultat
Percentile par nombre de réponses
Votre historique - résultats
Vous n’avez pas pris ce quiz depuis la dernière actualisation